000 00816nam a2200217 a 4500
001 000979855
003 AM-YEHGA
005 20260402145820.0
008 130830s1889 ru |||||r 000|0|rus|d
040 _aAM-YEHGA
041 1 _arus
_heng
100 1 _aМорлей, Джон
245 1 0 _aВольтер /
_cДжон Морлей ; Пер. с 4-го англ. изд. под ред. А.И. Кирпичникова.
260 _aМосква :
_bТ-во И.Н. Кушнерев и К°,
_c1889.
300 _a326 с.
600 1 4 _aՎոլտեր, Մարի Ֆրանսուա,
_d1694-1778
653 0 _aОбщественная мысль во Франции, 18 в.
653 0 _aФранцузская философия, 18 в.
700 1 _aКирпичников, А.И.
_eред.
_4edt
942 _2udc
_cBK
999 _c326596
_d326596